Schaum's outline of fundamentals of relational databases / (Record no. 387)
[ view plain ]
| 000 -LEADER | |
|---|---|
| fixed length control field | 01183nac a22002891u 4500 |
| 010 ## - LIBRARY OF CONGRESS CONTROL NUMBER | |
| LC control number | 00052542 |
| 020 ## - INTERNATIONAL STANDARD BOOK NUMBER | |
| International Standard Book Number | 007136188X (pbk.) |
| 020 ## - INTERNATIONAL STANDARD BOOK NUMBER | |
| International Standard Book Number | 0070473749 |
| 082 00 - DEWEY DECIMAL CLASSIFICATION NUMBER | |
| Classification number | 005.75/6 |
| Item number | M4251 |
| 090 ## - LOCALLY ASSIGNED LC-TYPE CALL NUMBER (OCLC); LOCAL CALL NUMBER (OCLC) | |
| -- | 387 |
| -- | 387 |
| 100 ## - MAIN ENTRY--PERSONAL NAME | |
| Personal name | Mata-Toledo, Ramon A. |
| 245 10 - TITLE STATEMENT | |
| Title | Schaum's outline of fundamentals of relational databases / |
| Statement of responsibility, etc | Ramon A. Mata-Toledo, Pauline K. Cushman. |
| 246 30 - VARYING FORM OF TITLE | |
| Title proper/short title | Fundamentals of relational databases |
| 246 30 - VARYING FORM OF TITLE | |
| Title proper/short title | Relational databases |
| 260 ## - PUBLICATION, DISTRIBUTION, ETC. (IMPRINT) | |
| Place of publication, distribution, etc | New York : |
| Name of publisher, distributor, etc | McGraw-Hill, |
| Date of publication, distribution, etc | c2000. |
| 300 ## - PHYSICAL DESCRIPTION | |
| Extent | vi, 249 p. : |
| Other physical details | ill. ; |
| Dimensions | 28 cm. |
| 490 0# - Series Statement | |
| Series statement | Schaum's outline series |
| 500 ## - GENERAL NOTE | |
| General note | Includes index. |
| 650 #0 - SUBJECT ADDED ENTRY--TOPICAL TERM | |
| Topical term or geographic name as entry element | Relational databases. |
| 650 #0 - SUBJECT ADDED ENTRY--TOPICAL TERM | |
| Topical term or geographic name as entry element | Database design. |
| 700 1# - ADDED ENTRY--PERSONAL NAME | |
| Personal name | Cushman, Pauline K. |
| 856 42 - ELECTRONIC LOCATION AND ACCESS | |
| Materials specified | Contributor biographical information |
| Uniform Resource Identifier | <a href="http://www.loc.gov/catdir/bios/mh041/00052542.html">http://www.loc.gov/catdir/bios/mh041/00052542.html</a> |
| 856 42 - ELECTRONIC LOCATION AND ACCESS | |
| Materials specified | Publisher description |
| Uniform Resource Identifier | <a href="http://www.loc.gov/catdir/description/mh021/00052542.html">http://www.loc.gov/catdir/description/mh021/00052542.html</a> |
| 856 42 - ELECTRONIC LOCATION AND ACCESS | |
| Materials specified | Table of contents |
| Uniform Resource Identifier | <a href="http://www.loc.gov/catdir/toc/mh021/00052542.html">http://www.loc.gov/catdir/toc/mh021/00052542.html</a> |
| 942 ## - ADDED ENTRY ELEMENTS (KOHA) | |
| Item type | Book - Borrowing |
| Call number prefix | 005.756M4251 |
| Withdrawn status | Item status | Damaged status | Not for loan | Home library | Current library | Shelving location | Date acquired | Source of acquisition | Total Checkouts | Full call number | Barcode | Date last seen | Koha item type |
|---|---|---|---|---|---|---|---|---|---|---|---|---|---|
| Central Library | Central Library | Lower Floor | 09/04/2006 | Purchase | 005.756 MAT | 000004247 | 15/07/2025 | Book - Borrowing |